00237 a2200097 4500260003800000245005400038100001800092260000900110300001100119035000900130 bPresses médicales européennes aSanté et médecines naturelles: le thermalisme aGautrelet, M. c1976 a415 p. a9542